000 01127nam a22003497a 4500
001 0038340
003 KOHA_MİRAKIL
005 20260207003058.0
007 ta
008 120903b2007 tu |||gr||||#||||0|tur |
020 _a9789758936366
040 _aTR-BiSEU
_btur
_cTR-BiSEU
_erda
041 0 _atur
044 _ctu
050 _aHC79
_b.O58 2007
100 1 _aOnuklu, Neşe Nur.
245 1 _aGeçiş maliyetlerinin firma davranışı ve pazar üzerindeki etkileri :
_bardılpazarda pazar gücü/
_cNeşe Nur Onuklu ; Neşe Nur Onuklu.
250 _a1. bsk.
264 1 _aAnkara :
_bRekabet Kurulu
_c2007
300 _a73 sayfa ;
_c23 cm.
336 _ametin
_btxt
_2rdacontent
337 _aaracısız
_bn
_2rdamedia
338 _acilt
_bnc
_2rdacarrier
490 1 _aRekabet Kurulu ;
_vyayın no: 0192.
490 1 _aUzmanlık tezleri serisi ;
_vno: 74
500 _aKaynakça var.
650 0 _aCost, Industrial.
_971656
650 0 _aMaliyet, Endüstriyel.
_971657
830 1 _aRekabet Kurulu ;
_vyayın no: 0192.
_971550
830 1 _aUzmanlık tezleri serisi ;
_vno: 74
_96193
942 _2lcc
_cBK
999 _c38179
_d38179